Central Library OPAC University of Rajshahi

The makers of modern geography / (Record no. 56055)

MARC details
000 -LEADER
fixed length control field 00832nam a2200253 a 4500
001 - CONTROL NUMBER
control field 56055
003 - CONTROL NUMBER IDENTIFIER
rucl marc code BD-RjUL
005 - DATE AND TIME OF LATEST TRANSACTION
control field 20211209080340.0
008 - FIXED-LENGTH DATA ELEMENTS--GENERAL INFORMATION
fixed length control field 161126s1969 enkcfh b 001 0ceng d
020 ## - INTERNATIONAL STANDARD BOOK NUMBER
International Standard Book Number 0710062885
035 ## - SYSTEM CONTROL NUMBER
System control number (BD-RjUL)56179
040 ## - CATALOGING SOURCE
Original cataloging agency BD-RjUL
Language of cataloging eng
Transcribing agency BD-RjUL
041 ## - LANGUAGE CODE
Language code of text/sound track or separate title eng
082 ## - DEWEY DECIMAL CLASSIFICATION NUMBER
Edition number 23
Classification number 910
Author mark and year DIM 1969
100 1# - MAIN ENTRY--PERSONAL NAME
Personal name Dickinson, Robert E.
Fuller form of name (Robert Eric),
Dates associated with a name 1905-1981.
9 (RLIN) 166878
245 14 - TITLE STATEMENT
Title The makers of modern geography /
Statement of responsibility, etc. by Robert E. Dickinson.
260 ## - PUBLICATION, DISTRIBUTION, ETC. (IMPRINT)
Place of publication, distribution, etc. London :
Name of publisher, distributor, etc. Routledge & Kegan Paul,
Date of publication, distribution, etc. 1969.
300 ## - PHYSICAL DESCRIPTION
Pagination xiv, 305 p., [8] p. of plates :
Illustrations ill., facsims., ports ;
Size 23 cm.
500 ## - GENERAL NOTE
General note Includes bibliographical references and index.
650 #0 - SUBJECT ADDED ENTRY--TOPICAL TERM
Topical term or geographic name as entry element Geographers
Geographic subdivision France.
9 (RLIN) 166879
Topical term or geographic name as entry element Geographers
Geographic subdivision Germany.
9 (RLIN) 166880
Topical term or geographic name as entry element Geography
General subdivision History.
9 (RLIN) 166881
942 ## - ADDED ENTRY ELEMENTS (KOHA)
Source of classification or shelving scheme Dewey Decimal Classification
Koha item type Books
Holdings
Lost status Source of classification or shelving scheme Damaged status Not for loan Collection code Permanent Location Current Location Shelving location Date acquired Source of acquisition Cost, normal purchase price Total Checkouts Full call number Date last seen Copy number Koha item type
  Dewey Decimal Classification     Non-fiction Central Library, University of Rajshahi Central Library, University of Rajshahi   02/01/1975 Jonathan Wren & Co. 3.00   910 DIM 1969 26/11/2016 C-2 Books